| 000 | 00474nam a2200169Ia 4500 | ||
|---|---|---|---|
| 999 |
_c6246 _d6246 |
||
| 003 | OSt | ||
| 005 | 20200113133401.0 | ||
| 008 | 190216s9999||||xx |||||||||||||| ||und|| | ||
| 020 | _a8185185123 | ||
| 040 | _coclc | ||
| 082 |
_a380.03 _bAHU/D |
||
| 100 | 1 |
_aAhuja, B. N. _91141 |
|
| 245 | 0 |
_aDictionary Of Commerce / _cB N Ahuja |
|
| 260 |
_bAcademic Publishers, _c2003. _aNew Delhi: |
||
| 300 | _a372p | ||
| 942 |
_cBK _2ddc _h380.03 _iAHU/D _k380.03 _mAHU/D |
||